000 00917nam a22002417a 4500
999 _c19934
_d19934
003 AR-CdUCM
008 190523b ||||| |||| 00| 0 spa d
040 _aMUNICIPALIDAD PROVINCIAL DEL CUSCO
_cBIBLIOTECA MUNICIPAL DEL CUSCO
041 _hfr
082 _22ed
_a513.83 /
_bF83
100 _aFréchet, Maurice
_922914
245 _aIntroducción a la topología combinatoria /
260 _aBuenos Aires :
_bEudeba,
_c1961.
300 _a62 páginas ;
_bIlustraciones,
_c25 cm.
440 _aColección cuadernos
_n7
_941676
505 _aContenido: Generalidades sobre la topologia -- Nociones topologicas sobre las superficies -- Clasificación topologica de las superficies cerradas.
650 _aSuperficies
_941677
650 _aMapas geográficos
_941678
650 _aTeorema de Descartes
_941679
700 _aNogués, D. A. H. (traducción)
_941680
942 _2ddc
_cLIBROS
945 _adavv
_d2019-05-23